LEADER 00753nam0-22002651i-450- 001 990006996420403321 035 $a000699642 035 $aFED01000699642 035 $a(Aleph)000699642FED01 035 $a000699642 100 $a19990530g19589999km-y0itay50------ba 101 0 $aita 105 $ay-------001yy 200 1 $aScritti critici$fdi Honoré de Balzac$gacura di Mario Bonfantini 210 $aMilano$cFeltrinelli$d1958 215 $a181 p.$d20 cm 700 1$aBalzac,$bHonoré de$f<1799-1850>$0384773 702 1$aBonfantini,$bMario$f<1904-1978> 801 0$aIT$bUNINA$gRICA$2UNIMARC 901 $aBK 912 $a990006996420403321 952 $aBIB. BAT.4895$b$fBAT 959 $aBAT 996 $aScritti critici$9698928 997 $aUNINA